| 000 | 01015nam a22002177a 4500 | ||
|---|---|---|---|
| 999 |
_c3347 _d3347 |
||
| 003 | AR-CdUCM | ||
| 008 | 190306b ||||| |||| 00| 0 spa d | ||
| 040 |
_aMUNICIPALIDAD PROVINCIAL DEL CUSCO _cBIBLIOTECA MUNICIPAL DEL CUSCO |
||
| 082 |
_a353.62 / _bM26 |
||
| 100 |
_aMaraví Sumar, Milagros (Coordinadora) _911097 |
||
| 245 | _aDiagnóstico y Saneamiento de Predios en Proyectos Mineros y Energéticos / | ||
| 260 |
_aPerú : _bECB ediciones S.A.C , _c2014. |
||
| 300 |
_a356 páginas ; _c24 cm. |
||
| 505 | _aContenido : Tierra y Mineria : Adquisicion de derechos superficiales para el emprendimiento de proyectos mineros -- Desarrollo de proyectos eléctricos y la importancia de las servidumbres eléctricas para su financiamiento -- El catrastro multipropósito para promover la inversión privada... | ||
| 650 |
_aTierra y mineria _911098 |
||
| 650 |
_aProyectos Electricos _911099 |
||
| 650 |
_aInversion Privada _95081 |
||
| 650 |
_aProyecto de Inversion _911100 |
||
| 942 |
_2ddc _cLIBROS |
||
| 945 | _artm | ||